000 01008cam a2200205 4500
001 WB@3612-764
008 040825n2004 000 0 eng u
035 _a(Sirsi) u127150
245 _aDefra guidance on open access
260 _c2004
490 _aDEFRA News Release
_v(332/04) 24 August 2004 (2)
520 _aThe Countryside and Rights of Way Act 2000 and new rights of access come into effect in the first two areas of England late in September. DEFRA has provided the next stage of guidance for those with an interest in the way access will be managed. It covers appeals where an application to restrict access is refused. Full details of the guidance and related issues can be found at: http://www.defra.gov.uk/wildlife-countryside/cl/pu blicrow.htm. http://www.defra.gov.uk/news/2004/index.htm#august
590 _aWB
590 _aWB
650 _aRIGHTS OF WAY
650 _aPUBLIC ACCESS
650 _aCOUNTRYSIDE AND RIGHTS OF WAY ACT 2000
690 _aRURAL
_96268
942 _n0
999 _c117889
_d117889